Villarreal CF Squad 2013-2014 - Statistics

General Stats
  • This quiz has been taken 8 times
  • The average score is 15 of 24
Answer Stats
# Position Nation Player % Correct
21 MF Spain Bruno Soriano
100%
9 FW Mexico Giovani dos Santos
100%
11 FW Paraguay Hernán Pérez
100%
8 FW Nigeria Ikechukwu Uche
100%
14 MF Spain Manu Trigueros
100%
1 GK Spain Sergio Asenjo
100%
17 DF Mexico Javier Aquino
75%
- Coach Spain Marcelino García Toral
75%
5 DF Argentina Mateo Musacchio
75%
4 MF Spain Tomás Pina
75%
6 DF Serbia Aleksandar Pantić
50%
3 DF Slovenia Bojan Jokić
50%
10 FW Spain Cani
50%
16 DF Spain Chechu Dorado
50%
20 DF Brazil Gabriel Paulista
50%
18 DF Spain Jaume Costa
50%
7 FW France Jérémy Perbet
50%
25 GK Spain Juan Carlos
50%
2 DF Spain Mario Gaspar
50%
19 MF Spain Óliver Torres
50%
12 MF Spain Joan Román
25%
24 FW Spain Jonathan Pereira
25%
27 FW Spain Moi Gómez
25%
29 DF Spain Pablo Iñiguez
25%
No matching quizzes found
Score Distribution
Percent of People with Each Score
Percentile by Number Answered
Your Score History
You have not taken this quiz